|
|
|
|
| LEADER |
00000nam0a2200000 4500 |
| 001 |
254093 |
| 005 |
20231101232914.0 |
| 010 |
|
|
|a 9785911348489
|
| 010 |
|
|
|a 978-5-16-009543-1
|
| 035 |
|
|
|a (RuTPU)RU\TPU\book\276516
|
| 090 |
|
|
|a 254093
|
| 100 |
|
|
|a 20140319d2014 m y0rusy50 ca
|
| 101 |
0 |
|
|a rus
|
| 102 |
|
|
|a RU
|
| 105 |
|
|
|a y j 001zy
|
| 200 |
1 |
|
|a Экология техносферы. Практикум
|e учебное пособие
|f С. А. Медведева, С. С. Тимофеева
|
| 210 |
|
|
|a Москва
|c Форум
|c Инфра-М
|d 2014
|
| 215 |
|
|
|a 200 с.
|c ил.
|
| 225 |
1 |
|
|a Высшее образование
|
| 320 |
|
|
|a Библиогр.: с. 155.
|
| 330 |
|
|
|a В практикуме рассмотрены методы и методики количественной оценки загрязняющих окружающую среду веществ, оценки их опасности и нормирования. Представлены методики анализа экологического риска и экономического регулирования экологической безопасности техносферы, используемые при оценке влияния промышленных объектов на окружающую среду. Практикум соответствует требованиям ФГОС-3 по направлению подготовки 280700 «Техносферная безопасность», квалификация «бакалавр». Пособие предназначено для студентов высших учебных заведений, обучающихся по профилям подготовки: «Безопасность технологических процессов и производств», «Охрана природной среды и ресурсосбережение», «Безопасность жизнедеятельности в техносфере», изучающих дисциплину «Экология техносферы».
|
| 606 |
1 |
|
|a Техносфера
|x Экология
|2 stltpush
|3 (RuTPU)RU\TPU\subj\73270
|9 86359
|
| 610 |
1 |
|
|a атмосферный воздух
|
| 610 |
1 |
|
|a санитарно-защитные зоны
|
| 610 |
1 |
|
|a атмосфера
|
| 610 |
1 |
|
|a гидросфера
|
| 610 |
1 |
|
|a вода
|
| 610 |
1 |
|
|a сточные воды
|
| 610 |
1 |
|
|a допустимые сбросы
|
| 610 |
1 |
|
|a экологическое нормирование
|
| 610 |
1 |
|
|a отходы
|
| 610 |
1 |
|
|a промышленные предприятия
|
| 610 |
1 |
|
|a экологическая опасность
|
| 610 |
1 |
|
|a плата
|
| 610 |
1 |
|
|a расчет
|
| 610 |
1 |
|
|a практикумы
|
| 610 |
1 |
|
|a учебные пособия
|
| 610 |
1 |
|
|a практические работы
|
| 675 |
|
|
|a 504.03(076.5)
|v 3
|
| 700 |
|
1 |
|a Медведева
|b С. А.
|g Светлана Алексеевна
|
| 701 |
|
1 |
|a Тимофеева
|b С. С.
|g Светлана Семеновна
|
| 801 |
|
1 |
|a RU
|b 63413507
|c 20140319
|
| 801 |
|
2 |
|a RU
|b 63413507
|c 20160318
|g RCR
|
| 900 |
|
|
|a Экология
|
| 942 |
|
|
|c BK
|
| 951 |
|
|
|l 8
|
| 959 |
|
|
|a 51/20140317
|d 5
|e 339,90
|f ЧЗТЛ:1
|f АНЛ:1
|f УФ:3
|
| 959 |
|
|
|a 3/20160114
|d 3
|e 339,90
|f УФ:3
|